000 00481ntaaa2200205 4500
003 01
005 20251027202025.0
008 0714s1973 ag 01
020 _a847228199X
040 _aAR-BaBN
_bspa
_cAR-BaBN
_eaacr
_dRIC
082 _a248.8300 P93d
100 _aPrice, Eugenia
245 _aDescúbrelo tú mismo
250 _a1 ed.
260 _aTarrasa :
_bClie,
_c1975
300 _a160 p
650 _ajovenes-platicas para
650 _avida cristiana
942 _cBK
999 _c15038
_d15038